Score 0/15 Timer 05:00
1 Play Today
% Correct
The Muppet Show
94.6%
Breaking Bad
93.9%
Star Trek
89.4%
Game of Thrones
87.4%
Futurama
80.7%
Doctor Who
78.4%
The Office (US)
76%
Seinfeld
71.3%
% Correct
Brooklyn Nine-Nine
71.1%
Avatar: The Last Airbender
66.3%
King of the Hill
64.6%
Family Guy
63.9%
Lost
55.9%
House, M.D.
53.6%
Monty Python's Flying Circus
47%
Remove Ads.
Support Sporcle.
Get the best of Sporcle when you Go Orange. This ad-free experience offers more features, more stats, and more fun while also helping to support Sporcle. Thank you for becoming a member.

You're not logged in!

Compare scores with friends on all Sporcle quizzes.
OR
Log In

Show Comments

Extras

Top Quizzes Today


Score Distribution

Your Account Isn't Verified!

In order to create a playlist on Sporcle, you need to verify the email address you used during registration. Go to your Sporcle Settings to finish the process.

Report this User

Report this user for behavior that violates our Community Guidelines.

Details: